00788nam a22002177a 4500003000500000005001700005008004100022010000900063011000900072035000900081040000900090100002700099245008100126260008100207300001000288490007900298650004600377650004500423700002300468830007900491CHAP20220329133454.0971013s1992 r 00010 d a6760 a7732 a6956 cCHAP00aNg Kee Kwong, Rosemay. aManagement and scientific information for agricultural research in Mauritius aThe Hague :bInternational Service for National Agricultural Research,c1992 a23 p. aInternational Service for National Agricultural Research. Study paperv; 614aAgriculturaxInvestigaciónxMauritania.14aAgriculturaxServicios de información.0 aBallantyne, Peter.0 aInternational Service for National Agricultural Research. Study paperv; 6